[Event "Outaouais-ch Reserve"]
[Site "Gatineau"]
[Date "2013.05.18"]
[Round "6"]
[White "Choiniere, Rene"]
[Black "Lavergne, Daniel"]
[Result "0-1"]
[WhiteElo "1607"]
[BlackElo "1824"]
[PlyCount "36"]
[EventDate "2013.04.16"]
[EventType "swiss"]
[EventRounds "6"]
[EventCountry "CAN"]
[SourceTitle "EXT 2022"]
[Source "ChessBase"]
[SourceDate "2021.10.06"]
[SourceVersion "1"]
[SourceVersionDate "2021.10.06"]
[SourceQuality "1"]

1. e4 c5 2. c3 d5 3. exd5 Qxd5 4. Nf3 Nc6 5. d4 Bg4 6. Be2 e6 7. 0-0 Nf6 8. h3 Bf5 9. c4 Qd7 10. Be3 cxd4 11. Nxd4 Nxd4 12. Bxd4 Be7 13. Be5 Qc6 14. Bf3 Qxc4 15. Nc3 0-0 16. Rc1 Qb4 17. Qe2 Rfd8 18. Nb5 Bd3 0-1

[Event "Outaouais-ch Reserve"]
[Site "Gatineau"]
[Date "2013.05.07"]
[Round "4"]
[White "Choiniere, Rene"]
[Black "Danilov, Alex"]
[Result "1/2-1/2"]
[WhiteElo "1607"]
[BlackElo "1693"]
[PlyCount "66"]
[EventDate "2013.04.16"]
[EventType "swiss"]
[EventRounds "6"]
[EventCountry "CAN"]
[SourceTitle "EXT 2022"]
[Source "ChessBase"]
[SourceDate "2021.10.06"]
[SourceVersion "1"]
[SourceVersionDate "2021.10.06"]
[SourceQuality "1"]

1. e4 c5 2. c3 d5 3. e5 Nc6 4. d4 e6 5. Nf3 Qb6 6. Be2 Bd7 7. 0-0 cxd4 8. cxd4 Nge7 9. b3 Nf5 10. Bb2 Be7 11. Na3 0-0 12. Nc2 f6 13. Bd3 fxe5 14. Bxf5 Rxf5 15. Nxe5 Nxe5 16. dxe5 Raf8 17. Bd4 Bc5 18. Bxc5 Qxc5 19. Nd4 Rf4 20. Nf3 Qb6 21. Qd2 Bb5 22. Rfe1 d4 23. Qb4 Bc6 24. Qxb6 axb6 25. Rad1 Bxf3 26. gxf3 Rxf3 27. Rd2 Rd8 28. Re4 Rf5 29. Rdxd4 Rxd4 30. Rxd4 Rxe5 31. Rd8+ Kf7 32. Rd7+ Kf6 33. Rxb7 b5 1/2-1/2

[Event "Gatineau Commanditaires"]
[Site "Gatineau"]
[Date "2013.03.19"]
[Round "4"]
[White "Choiniere, Rene"]
[Black "Raymond, Daniel"]
[Result "0-1"]
[WhiteElo "1556"]
[BlackElo "1556"]
[PlyCount "50"]
[EventDate "2013.02.26"]
[EventType "swiss"]
[EventRounds "4"]
[EventCountry "CAN"]
[SourceTitle "EXT 2022"]
[Source "ChessBase"]
[SourceDate "2021.10.06"]
[SourceVersion "1"]
[SourceVersionDate "2021.10.06"]
[SourceQuality "1"]

1. e4 c5 2. c3 e6 3. d4 cxd4 4. cxd4 Bb4+ 5. Bd2 Nc6 6. a3 Bxd2+ 7. Qxd2 Nf6 8. Nc3 Qb6 9. Nf3 0-0 10. Be2 d5 11. e5 Ne4 12. Qc2 Nxd4 13. Nxd4 Qxd4 14. Nxe4 dxe4 15. 0-0 Qxe5 16. f4 Qd4+ 17. Kh1 f5 18. Rad1 Qf6 19. b4 e5 20. Bc4+ Be6 21. Rd7 Rac8 22. Bxe6+ Qxe6 23. Qa4 exf4 24. Rxb7 a6 25. Rd1 Rfd8 0-1

[Event "Gatineau Quebec Elite qual"]
[Site "Gatineau"]
[Date "2013.01.15"]
[Round "1"]
[White "Scantland, Patrick"]
[Black "Choiniere, Rene"]
[Result "1-0"]
[WhiteElo "1909"]
[BlackElo "1589"]
[PlyCount "59"]
[EventDate "2013.01.15"]
[EventType "swiss"]
[EventRounds "5"]
[EventCountry "CAN"]
[SourceTitle "EXT 2022"]
[Source "ChessBase"]
[SourceDate "2021.10.06"]
[SourceVersion "1"]
[SourceVersionDate "2021.10.06"]
[SourceQuality "1"]

1. d4 Nf6 2. c4 e6 3. Nf3 d5 4. Nc3 c6 5. cxd5 exd5 6. Qc2 Be7 7. Bg5 Nbd7 8. e3 0-0 9. Bd3 h6 10. h4 c5 11. 0-0-0 cxd4 12. Nxd4 Ne5 13. Bxf6 Nxd3+ 14. Qxd3 Bxf6 15. g3 Be6 16. f4 Bg4 17. Rd2 Rc8 18. Kb1 Bxd4 19. Qxd4 Bf3 20. Rhh2 Rxc3 21. bxc3 Be4+ 22. Kb2 Qa5 23. Qb4 Qc7 24. Rd4 a5 25. Qb3 b5 26. Rhd2 Rc8 27. Rxd5 Bxd5 28. Rxd5 b4 29. c4 a4 30. Qxb4 1-0